000 00595nam a2200229Ia 4500
003 OSt
005 20220918192809.0
006 a|||||r|||| 00| 0
007 ta
008 220917b |||||||| |||| 00| 0 eng d
024 _a70,340
037 _cTextual
040 _aARTS
_cARTS
_beng
041 _2eng
_aeng
082 _aR361, M71
100 _aWeissman David
_977742
245 0 _aIntuition and ideality
260 _aAlbany
_bState Univ of New York Press
_c1987
300 _aix,309p.
_ccm.
942 _hR361, M71
_cTEXL
_2CC
999 _c196438
_d196438